000 00746nam a22002177a 4500
999 _c16274
_d16274
003 AR-CdUCM
008 190502b ||||| |||| 00| 0 spa d
040 _aMUNICIPALIDAD PROVINCIAL DEL CUSCO
_cBIBLIOTECA MUNICIPAL DEL CUSCO
082 _a809 /
_bD54
100 _aDíaz-Plaja, Guillermo
_92681
245 _aAntología :
_bLecturas comentadas /
260 _aBuenos Aires :
_bCiordia,
_c1964.
300 _a337 paginas ;
_c20 cm.
505 _aContenido :1er. Año: Infante don Juan Manuel - 2do. Grado: Juan Ruiz de Alarcón - 3er. Grado: Miguel de Cervantes /
650 _aHistoria
_9136
650 _aLiteratura
_983
650 _aCritica
_9666
700 _aMazzei, Angel
_935624
942 _2ddc
_cLIBROS
945 _arjall
_d2019-05-02